[Event "EU-Cup 15th final"]
[Site "Bugojno"]
[Date "1999.10.30"]
[Round "2"]
[White "Damljanovic, Branko"]
[Black "Kobalia, Mihail"]
[Result "1-0"]
[WhiteElo "2554"]
[BlackElo "2573"]
[Annotator "Ribli,Z"]
[PlyCount "83"]
[EventDate "1999.10.29"]
[EventType "team-k.o."]
[EventRounds "3"]
[EventCountry "BIH"]
[SourceTitle "EXT 2020"]
[Source "ChessBase"]
[SourceDate "2019.10.17"]
[SourceVersion "1"]
[SourceVersionDate "2019.10.17"]
[SourceQuality "1"]
[WhiteTeam "Zemun Agrouniverzal"]
[BlackTeam "Kiseljak"]
[WhiteTeamCountry "SRB"]
[BlackTeamCountry "BIH"]

1. c4 f5 2. g3 Nf6 3. Bg2 g6 4. Nc3 Bg7 5. d4 O-O 6. e3 {Das ist eine seltene
Fortsetzung, aber der jugoslawische Grossmeister spielt gern Nebenvarianten.
Nach 6.Nf3 haben wir die Grundstellung der sogenannter Leningrader Variante
der Holl�ndische Er�ffnung.} d6 7. Nge2 {Weiss spielt nach Philidors
Vorschlag und entwickelt die Figuren hinten den Bauern.} c6 8. b3 e5 9. O-O e4
{Dieser Zug ist nicht schlecht, aber elastischer w�re die Alternative mit 9..
.Na6, da nach der Partiefortsetzung Weiss besseres Spiel bekommt.} (9... Na6
10. Bb2 (10. Ba3 e4 11. b4 Nc7 12. d5 cxd5 13. cxd5 b5 14. Nd4 Bb7 15. Ne6 Nxe6
16. dxe6 a6 17. Qb3 Qe7 18. Bb2 Rfe8 19. a4 bxa4 20. Rxa4 {1/2-1/2 Nikolic,
Z-Mozetic,D/ Novi Sad 1995/CBM 49 (34)}) 10... Qe7 11. Qd2 Re8 12. Rfe1 e4 13.
a3 Nc7 14. b4 Qf7 15. c5 d5 16. a4 g5 17. b5 Bh6 18. Kh1 Qh5 19. Ng1 f4 {
0-1 Rice,C-Ehlvest, J/Port Erin 1998/CBM 67 ext (41)}) 10. d5 {Weiss �ffnet
die Diagonale des g7-L�ufers, aber verhindert den Zug d6-d5.} (10. Ba3 a5 11.
Qd2 Na6 12. f3 exf3 13. Bxf3 Re8 14. Rae1 Nc7 (14... Nb4 $5) 15. Nf4 Ne4 16.
Nxe4 fxe4 17. Bg2 d5 18. cxd5 {Kharlov,A-Dubinsky,R/Moscow (open) 72/(89) 1998/
(18)}) (10. Bb2 Be6 11. Qc2 Bf7 12. Rad1 Na6 13. f3 exf3 14. Bxf3 Qe7 15. Bc1
d5 16. c5 Ng4 {0-1 Bjarnason,S-Watson,W/Reykjavik 1989/CBM 13 (36)}) (10. f4
exf3 11. Bxf3 Na6 12. Nf4 Nc7 13. e4 fxe4 14. Nxe4 Bf5 15. Nxf6+ Qxf6 16. Bb2 {
1/2-1/2 Zwicker, T-Kaunas,K/Strasbourg 1991/EXT 97 (34)}) 10... c5 (10... Na6
11. dxc6 (11. Nd4 c5 12. Ne6 Bxe6 13. dxe6 Nc7 {-/+}) 11... bxc6 12. Ba3 $36)
11. Qc2 $5 {Das ist ein schlauer Zug - Weiss entwickelt (noch) nicht den
L�ufer auf c1, da er mit f2-f3 die Bauernkette sprengen m�chte und in
einigen Varianten muss der L�ufer den e3-Bauern verteidigen.} (11. Bb2 a6 (
11... Qe7 12. Nf4 g5 13. Ne6 Bxe6 14. dxe6 g4 15. Nd5 Nxd5 16. Bxg7 Kxg7 17.
cxd5 Na6 18. a3 h5 19. h3 Qg5 20. h4 Qf6 21. Qd2 {1/2-1/2 Spraggett,G-Barbeau,
S/Quebec 1989/EXT 99 (50)}) 12. Qd2 Re8 13. Nf4 b6 14. Rad1 Ra7 15. h4 Rae7 16.
Qc1 Ng4 17. Rd2 Ne5 18. Rfd1 Bd7 19. Qa1 Qc7 20. Nce2 b5 21. cxb5 axb5 22. Ne6
Bxe6 23. dxe6 Nd3 24. Bxg7 Rxg7 25. Nc3 Rxe6 26. Rxd3 exd3 27. Bd5 {1-0
Reschke,T-Alber,H/Kassel 1994/GER (38)}) 11... Nbd7 12. f3 $8 {Rechtzeitig.
Weiss kann nicht warten, sonst spielt Schwarz 12...Ne5.} exf3 13. Bxf3 Ne5 {
= Schwarz hat die bessere Bauernstruktur, aber Weiss hat Raumvorteil. Der
e6-Punkt ist schwach, aber der e5N steht ausgezeichnet.} 14. Bg2 g5 {Schwarz
nimmt dem weissen Springer das Feld f4 und im folgenden m�chte er Qe8-g6
ziehen. Anderseits ist dieser Zug riskant, da er den Punkt f5 schw�cht.} (
14... Bd7) 15. Bd2 Bd7 16. h3 Qe8 17. Rae1 Qg6 18. a4 {Weiss m�chte
eventuell Nb5 spielen und nach Bxb5 - axb5.} Ne4 (18... a6 {=}) (18... Rae8 19.
Nb5 Bxb5 20. axb5 Ne4) 19. Bc1 (19. Nxe4 $6 fxe4 20. Bxe4 Qh5 {=+}) 19... Rae8
20. Bb2 a6 $6 {Schwarz �bersieht den 22. weissen Zug oder kalkulierte er
alles bis zum Ende? Es w�re einfacher die Springer zu tauschen, aber der
Textzug ist auch nicht schlecht.} (20... Nxc3 21. Bxc3 {= Weiss hat eine
kleine positionelle Schw�che auf e3, aber er kann das gut verteidigen.}) 21.
Nxe4 fxe4 22. Bxe5 $5 {Weiss tauscht den gef�hrlichen Springer und der e4P
wird schwach.} Bxe5 (22... Rxf1+ 23. Rxf1 Rxe5 24. Nc3 (24. g4 h5 25. gxh5 Qxh5
26. Ng3 Qh7 {=+}) 24... Re7 25. g4 $1 (25. Nxe4 Bxh3 (25... Bf5 $2 26. Nf6+ {
+/-}) 26. Nf6+ Bxf6 27. Qxg6+ hxg6 28. Rxf6 Bxg2 (28... Bf5 29. e4 Kg7 30. Rxd6
{+/-}) 29. Kxg2 Rxe3 30. Rxd6 (30. Rxg6+ Kf7 31. Rxd6 Rxb3 32. Kh3 Rb4 {=})
30... Rxb3 31. Rxg6+ Kf7 32. Rxg5 Rb4 {=}) 25... Bxc3 26. Qxc3 Re5 27. Qa5 {+=}
) 23. Bxe4 {~ Weiss hat einen wichtigen Zentrumsbauern gewonnen und obwohl der
dunkelfarbige L�ufer stark ist, ist die schwarze K�nigsstellung
geschw�cht, aber es gibt auch Schw�chen am weissen K�nigsfl�gel.} Qh5
$132 24. Bf5 Bxf5 25. Rxf5 Qxh3 (25... Rxf5 26. Qxf5 {+/-}) 26. Rxg5+ Kh8 27.
Nf4 (27. Qc1 Rf3 $40) 27... Qd7 $2 {Ein unglaublicher Fehler - warum nimmt
Schwarz nicht auf f4?} (27... Bxf4 $1 28. gxf4 Rxe3 (28... Rxf4 $5 29. Qb2+ Rd4
$8 (29... Re5 $4 30. exf4 {+-})) 29. Qb2+ Rc3 30. Re7 {~}) 28. Qh2 {+/- Nach
diesem Zug droht Weiss mit 33.Ng6+, so dass Schwarz den Springer nehmen muss
und die weisse Bauernstruktur verbessert wird.} Bxf4 29. gxf4 {Weiss hat schon
einen gesunden Bauern mehr und Angriffchancen am K�nigsfl�gel.} Rf6 30. Kf2
Qf7 31. Reg1 Qe7 32. Qg3 Rg6 $8 33. Rxg6 hxg6 34. f5 $1 {Weiss m�chte die
g-Linie �ffnen und gewinnt einen weiteren Bauern.} Qh7 (34... Rf8 35. Rh1+ {
+-}) (34... gxf5 35. Rh1+ {+-}) 35. Qxg6 {+- Mit zwei Bauern mehr steht Weiss
auf Gewinn.} Qh2+ 36. Rg2 Qh4+ 37. Qg3 Qxg3+ (37... Qh6 38. Rh2 {+-}) 38. Rxg3
Re5 39. Rg5 b5 40. axb5 axb5 41. Kf3 bxc4 42. bxc4 {Schwarz gab auf, da er mit
zwei Bauern weniger keine Hoffnungen hat.} 1-0

[Event "Elenite"]
[Site "Elenite"]
[Date "1995.??.??"]
[Round "3"]
[White "Gulko, Boris F"]
[Black "Short, Nigel D"]
[Result "0-1"]
[WhiteElo "2620"]
[BlackElo "2645"]
[Annotator "Ribli,Z"]
[PlyCount "156"]
[EventDate "1995.09.??"]
[EventType "tourn"]
[EventRounds "9"]
[EventCountry "BUL"]
[EventCategory "15"]
[SourceTitle "CBM 050"]
[Source "ChessBase"]
[SourceDate "1996.02.01"]
[SourceVersion "1"]
[SourceVersionDate "1996.02.01"]
[SourceQuality "1"]

1. c4 {Dolmatov} e5 2. Nc3 d6 3. Nf3 f5 4. d4 e4 5. Ng5 (5. Bg5 $5 {Dolmatov}
Nf6 6. Nd2) 5... c6 (5... Be7 {Dolmatov} 6. Nh3 Nf6 7. e3 c6 8. Nf4 O-O 9. h4
Na6 10. a3 $14 Nc7 11. d5 Ng4 12. Be2 Ne5 13. g3 Bf6 14. Bd2 {Polugaevsky,
L-Lukin,A/URS/1974/}) 6. g3 (6. Nh3 $5 {Dolmatov}) 6... Be7 7. Nh3 Nf6 8. Bg2
O-O (8... d5 9. cxd5 cxd5 10. Bg5 Nc6 11. Bxf6 (11. Nf4 $5) 11... Bxf6 12. e3
Be6 13. Nf4 Bf7 $13 {Cramling,P-Davies,N/Katrineholm/1995/CBM49/}) 9. O-O Na6
10. f3 exf3 (10... d5 $6 11. cxd5 cxd5 12. Qb3 Qb6 13. Qxb6 axb6 14. Bg5 Be6
15. Nf4 Bf7 16. a3 $14 {Illescas Cordoba,M-Lautier,J/Linares/1994/CBM40/INF60,
23/}) 11. exf3 (11. Bxf3 {Dolmatov} Nc7 12. Nf2 Bd7 $10) 11... Nc7 $5 (11...
Kh8 12. Nf4 Nc7 13. d5 Nd7 14. b3 Bf6 15. Bb2 $14 {Sakaev,K-Popchev,M/
Elenite-B/1994/EXP43/}) 12. d5 (12. b3 {Dolmatov} Kh8 (12... Be6 13. Ng5 Bd7
14. a4 $14) 13. a4 Be6 14. Ra2 Qd7 15. Re2 Rae8 16. Rfe1 Bd8 $14) 12... cxd5
13. cxd5 b5 $1 14. b4 {Weiss will mit dieser Neureung den Damenfluegel
festhalten.} (14. a3 Bb7 $5 (14... a5 15. Be3 Bb7 16. Qb3 a4 17. Qa2 Qd7 18.
Nf4 Na6 19. b4 Rfc8 20. Rfc1 Nc7 21. Rd1 Qe8 22. Rac1 Qf7 23. Qd2 Nd7 24. Ne6
$1 $36 {Gostisa,L-Supancic,D/Maribor/1990/EXP20/}) 15. Nf4 a5 16. Re1 Re8 17.
Qb3 b4 18. Na4 (18. axb4 $5) 18... g5 $1 19. Nh3 Bxd5 20. Qd3 g4 $36 {
Wiedenkeller,M-Mokry,K/EUCup/1993/CBM39/}) 14... a5 $1 15. Rb1 (15. Ba3 axb4
16. Bxb4 Na6 17. Qb3 Bd7 18. Rfe1 Re8 19. Nf4 Qb6+ 20. Kh1 $13) 15... axb4 16.
Rxb4 Bd7 $1 {Dieser Laeufer steht hier sehr nuetzlich, weil er die beiden
Bauern (f5 und b5) und auch die Loecher (e6 und c6) deckt.} 17. a3 Na6 18. Rb1
Qc7 19. Qd4 (19. Nxb5 Qc5+ 20. Qd4 Rab8 21. Qxc5 Nxc5 22. Nc3 Rxb1 23. Nxb1
Nxd5 {Weiss hat einen Freibauern, aber die schwarze Figuren stehen aktiver.
Ich meine, dass der Nachziehende einen unbedeutenden Vorteil hat.(=/+ =)})
19... Qc5 20. Qxc5 Nxc5 21. Re1 $2 {Gewinnt voruebergehend zwar einen Bauern,
aber Schwarz erhaelt eine gefaerhliche Initiative.} (21. Rd1 $5 {Weiss sollte
Nd3 verhindern.}) 21... Bd8 22. Nxb5 (22. Bf1 Ba5 $1 $17 {Weiss kann die
Bauernverlust /\ Bc3 nebst Nd5 nicht verhindern. Man sieht schon jetzt warum
21.Re1 ein Fehler war.}) (22. Nf2 $5 {Dolmatov} Ba5 23. Bd2) 22... Nd3 $1 23.
Rd1 Bb6+ 24. Kh1 Nxc1 25. Rdxc1 Bc5 {Schwarz gewinnt den geopferten Bauern mit
gutem Spiel zurueck.} 26. Nf4 Be3 $1 27. Rc4 $8 (27. Rd1 Bxf4 $1 28. gxf4 Bxb5
29. Rxb5 Rxa3 $17) (27. Rc3 {Dolmatov} Bxf4 28. gxf4 Nxd5 $17) 27... Bxb5 28.
Rxb5 Rxa3 29. Rb1 (29. h3 $2 Bxf4 $1 30. gxf4 (30. Rxf4 Nh5 $1 $19) 30... Re8
$19) (29. h4 {Dolmatov} Bxf4 30. Rxf4 Nh5 $17) 29... Rfa8 30. Bf1 g5 $1 31. Ne6
Nxd5 {Im Endergebnis hat Short einen Bauern erobert, aber Weiss hat wegen der
ungleichfarbigen Laeufer einige Chancen die Partie zu retten.} 32. Rc2 (32. Nc7
Ra1 $1 33. Nxd5 Rxb1 34. Nxe3 Ra3 $19) 32... Ra1 33. Rcb2 (33. Rxa1 Rxa1 34.
Kg2 Bc5 $1 $19) 33... Nc3 34. Rxa1 Rxa1 35. Kg2 Kf7 36. Nc7 d5 37. Bd3 Rg1+ 38.
Kh3 Kf6 (38... Nd1 $5 39. Re2 Nf2+ 40. Rxf2 Bxf2 41. Bxf5 d4 42. Bxh7 Rd1 43.
Kg2 Rd2 $17) 39. f4 gxf4 (39... h6 $5 {Dolmatov}) (39... g4+ {Dolmatov} 40. Kh4
Kg6 41. Ne6 Ne4 $17) 40. gxf4 Rd1 (40... Bxf4 $1 41. Rb6+ (41. Rf2 Ke5 $19)
41... Ke5 (41... Kf7 {Dolmatov} 42. Ne6 Be3 $17) 42. Re6+ Kd4 43. Bxf5 Bxc7 44.
Bxh7 Ne4 $19) 41. Rb3 $1 {Eine sehr unangenehme Ueberraschung.} Bd4 (41... Rxd3
$2 42. Rxc3 Rxc3 43. Nxd5+ Kg6 44. Nxc3 Bxf4 45. Ne2 $10 {Weiss gibt seinen
Springer fuer den f-Bauern und dann ist die Stellung remis.}) 42. Ba6 Kg6 43.
Rb8 Bf6 44. Rb6 Ne4 45. Ne8 Rd2 46. Bc8 h5 47. Nd6 Nxd6 48. Rxd6 h4 49. Be6 d4
50. Bd7 (50. Rd5 $2 Rd3+ 51. Kg2 h3+ 52. Kf1 (52. Kg1 Rd1+ 53. Kf2 Bh4+ 54. Kf3
Rd3+ (54... Rf1+ $19 {Dolmatov}) 55. Ke2 Re3+ $19) 52... Rf3+ 53. Kg1 Rxf4 $19)
50... Re2 51. Bc6 (51. Rd5 Re3+ 52. Kg2 h3+ 53. Kg1 (53. Kf1 Rf3+ 54. Ke2 Rxf4
$19) 53... Re1+ 54. Kf2 Bh4+ 55. Kf3 Re3#) 51... Re3+ 52. Kg2 h3+ 53. Kf1 Kf7 {
Droht /\ Bh4 /\Bh4-+} 54. Rd7+ Ke6 55. Rh7 d3 56. Kf2 Bd4 57. Rd7 Bc5 (57...
Re4+ $1 58. Kf3 (58. Kg3 {Dolmatov} d2 $19) 58... d2 59. Ba4 d1=Q+ 60. Bxd1
Kxd7 $19) 58. Rd8 Kf6 59. Kf1 Bb6 60. Rd6+ Ke7 61. Rd7+ Ke6 62. Rd5 Bc7 63. Rd4
Kf6 64. Bb7 (64. Bb5 {Dolmatov} Rf3+ 65. Ke1 Ba5+ $19) (64. Kf2 {Dolmatov} Re6
$19) 64... Bxf4 65. Ba6 (65. Rxf4 {Dolmatov} d2 66. Rd4 Re1+ $19) 65... Rf3+
66. Ke1 Bxh2 67. Rxd3 Bg3+ 68. Ke2 Rf2+ 69. Ke3 h2 70. Rd1 f4+ 71. Kd3 Rb2 72.
Bc4 Ke5 73. Kc3 Rg2 74. Rd5+ Ke4 75. Rh5 f3 76. Bd5+ Ke3 77. Rh7 Be5+ 78. Kc4
Rg1 0-1

[Event "Dortmund-B"]
[Site "Dortmund"]
[Date "1991.??.??"]
[Round "9"]
[White "Paehtz, Thomas Sr"]
[Black "Renet, Olivier"]
[Result "1/2-1/2"]
[WhiteElo "2455"]
[BlackElo "2470"]
[Annotator "Ribli,Z"]
[PlyCount "106"]
[EventDate "1991.03.23"]
[EventType "tourn"]
[EventRounds "9"]
[EventCountry "GER"]
[EventCategory "10"]
[SourceTitle "CBM 023"]
[Source "ChessBase"]
[SourceDate "1991.08.01"]
[SourceVersion "1"]
[SourceVersionDate "1991.08.01"]
[SourceQuality "1"]

1. c4 e5 2. Nc3 Bb4 3. g3 (3. Nd5 $1 Ba5 4. b4 c6 5. bxa5 cxd5 6. cxd5 Nf6 7.
e4 Qxa5 8. Bd3 $1 d6 9. Ne2 O-O 10. O-O Nh5 11. Bc2 f5 12. d4 f4 13. dxe5 dxe5
14. Nd4 $1 $14 {Ivaninov,I-Rohde,M New York op 1990 49/(22)}) 3... Ne7 4. Bg2
O-O 5. Nf3 d6 6. O-O Bxc3 7. bxc3 Nbc6 8. c5 (8. d3 $5) 8... d5 9. d4 e4 10.
Nd2 f5 11. e3 Be6 12. Rb1 Rb8 13. f3 exf3 14. Qxf3 Qd7 15. Qe2 Kh8 $1 16. Bf3
Ng8 $1 $10 17. Qg2 Nf6 18. c4 Ne7 19. cxd5 Bxd5 20. Bxd5 Nexd5 21. Nc4 Qe6 22.
Ne5 Kg8 23. Rb2 g6 24. h3 Nd7 25. Nxd7 Qxd7 26. g4 fxg4 27. Qxg4 Qxg4+ 28. hxg4
Nc3 29. Rxf8+ Rxf8 30. Kg2 b6 31. cxb6 axb6 32. Rc2 Ne4 33. Ba3 Rf7 34. Bb4 c5
35. dxc5 bxc5 36. Rc4 Rf2+ 37. Kg1 cxb4 38. Rxe4 Rb2 39. g5 h5 40. gxh6 Kh7 41.
Rh4 g5 42. Rh2 Rxh2 43. Kxh2 Kxh6 44. Kg3 Kh5 45. e4 Kg6 46. Kg4 Kf6 47. Kh5
Ke6 48. Kxg5 Ke5 49. Kg6 Kxe4 50. Kf6 Kd4 51. Ke6 Kc3 52. Kd5 b3 53. axb3 Kxb3
1/2-1/2

[Event "Hoogovens"]
[Site "Wijk aan Zee"]
[Date "1994.01.??"]
[Round "3"]
[White "Nikolic, Predrag"]
[Black "Hansen, Curt"]
[Result "1/2-1/2"]
[WhiteElo "2625"]
[BlackElo "2580"]
[Annotator "Ribli,Z"]
[PlyCount "101"]
[EventDate "1994.01.21"]
[EventType "tourn"]
[EventRounds "9"]
[EventCountry "NED"]
[EventCategory "14"]
[SourceTitle "CBM 040"]
[Source "ChessBase"]
[SourceDate "1994.06.01"]
[SourceVersion "1"]
[SourceVersionDate "1994.06.01"]
[SourceQuality "1"]

1. d4 d6 2. c4 e5 3. Nf3 e4 4. Ng5 f5 5. Nc3 c6 6. g3 Be7 7. Nh3 Nf6 8. Bg2 O-O
9. O-O Kh8 10. d5 Nbd7 11. b3 Ne5 12. Bb2 Bd7 (12... Qe8 $6 {Lautier,J-Kramnik,
V/Chaldiki/1992/CBM32/INF55,23/} 13. f3 $5 $14 {Kramnik}) 13. Qd2 cxd5 14. Nxd5
(14. cxd5 $6 b5 15. a3 a5 $13) 14... Nxd5 15. Qxd5 Bc6 16. Qd2 Ng6 (16... Qe8
17. Nf4 $14) 17. Rad1 Qe8 18. f3 $5 exf3 19. Bxf3 (19. exf3 $5) 19... Rd8 20.
Bd5 Bxd5 21. Qxd5 Bf6 22. Bxf6 Rxf6 23. Qxb7 Qxe2 24. Qg2 (24. Qxa7 f4 $36)
24... Qh5 25. Rde1 (25. Rd5 Re8 $1) 25... h6 26. Nf4 Nxf4 27. Rxf4 Re8 28.
Rxe8+ Qxe8 29. Qd5 (29. Qf2 $5) 29... g5 30. Rf2 f4 31. Qd4 Qe5 32. Qxe5 (32.
Qxa7 fxg3 (32... f3 $5) 33. Qa8+ Kg7 34. Qb7+ Kg6 35. Rxf6+ Kxf6 36. Qf3+ Kg7
37. hxg3 Qa1+ $10) 32... dxe5 33. c5 e4 34. Rc2 (34. gxf4 $5) 34... e3 35. c6 (
35. gxf4 $5) 35... e2 36. Rxe2 Rxc6 37. gxf4 gxf4 38. Kf2 Rc3 39. Re8+ Kg7 40.
Re7+ Kf6 41. Rxa7 Kf5 $1 42. Re7 h5 43. Re2 Rc1 44. Rb2 Kg4 45. b4 h4 46. h3+ (
46. b5 h3 47. b6 Rh1 $13) 46... Kxh3 47. Kf3 Rf1+ 48. Rf2 Rb1 49. a3 Rb3+ 50.
Kxf4 Rxb4+ $1 51. axb4 1/2-1/2

[Event "EU-Cup 15th final"]
[Site "Bugojno"]
[Date "1999.10.30"]
[Round "2"]
[White "Ivanov, Sergey"]
[Black "Van der Wiel, John"]
[Result "1-0"]
[WhiteElo "2538"]
[BlackElo "2544"]
[Annotator "Ribli,Z"]
[PlyCount "117"]
[EventDate "1999.10.29"]
[EventType "team-k.o."]
[EventRounds "3"]
[EventCountry "BIH"]
[SourceTitle "EXT 2020"]
[Source "ChessBase"]
[SourceDate "2019.10.17"]
[SourceVersion "1"]
[SourceVersionDate "2019.10.17"]
[SourceQuality "1"]
[WhiteTeam "St Petersburg"]
[BlackTeam "Breda Panfox"]
[WhiteTeamCountry "RUS"]
[BlackTeamCountry "NED"]

1. d4 d6 2. c4 e5 3. Nf3 {Heutzutage ist dieser Zug die Hauptvariante - Weiss
provoziert den e-Bauern.} e4 4. Ng5 f5 5. Nc3 c6 {Schwarz hat Raumvorteil im
Zentrum dank seines e4-Bauern, aber das f4-Feld ist eine ewige Schw�chung.}
6. g3 (6. Nh3 Na6 7. d5 Nf6 8. f3 exf3 9. exf3 Be7 10. Bd3 Qb6 11. Nf2 cxd5 12.
cxd5 O-O 13. O-O Bd7 14. Qe2 Rae8 15. Be3 Nc5 {1/2-1/2 Uhlmann,W-Van der Wiel,
J/AUT-chT9495 1995/CBM 45 ext (41)}) 6... Be7 7. Nh3 (7. h4 Nf6 8. Nh3 Na6 9.
Bg5 Nc7 10. d5 O-O 11. Qb3 c5 12. Nf4 Ng4 13. Bxe7 Qxe7 14. Bh3 Nf6 15. Nd1 Rb8
16. h5 Bd7 17. Ne3 Qe5 18. Qc3 Rbe8 19. O-O-O {1-0 Volkov,S-Ivanov,T/Novgorod
1999/CBM 69 ext (39)}) 7... Nf6 8. Bg2 O-O 9. O-O Be6 $6 {Diese Fortsetzung
gef�llt mir nicht - Weiss bekommt mit Tempo angenehmes Spiel. Der
K�nigszug scheint logischer, denn im folgenden kann der L�ufer �ber
Be6-g8 ein Schlupfloch finden.} (9... Kh8 $5 10. d5 (10. f3 d5 {=}) 10... Nbd7
11. b3 Ne5 12. Bb2 (12. Kh1 Bd7 13. Nf4 g5 14. Nh3 h6 15. f3 exf3 16. exf3 Ng6
17. dxc6 bxc6 18. Bb2 Kh7 19. Qd2 Qc7 20. Rad1 Rad8 21. Rfe1 Bc8 22. f4 g4 23.
Nf2 {1-0 Lazarev,V-Seul,G/Biel 1997/CBM 60 ext (37)}) 12... Bd7 (12... Rb8 $1
13. dxc6 bxc6 14. c5 Neg4 15. cxd6 Bxd6 16. Qc2 Qe7 17. Rad1 (17. Rfd1 $5)
17... Ba6 18. Bc1 Rbc8 19. Rfe1 Be5 $1 20. Na4 Nd5 {Schwartzman,G-Agrest,E/
Zell am Ziller 1993/Inf 59 (22)}) (12... Qe8 13. Qd2 (13. f3 $1 {+= /\} Qh5 14.
Qd2 $1) 13... Bd7 (13... b5 $1 14. cxb5 cxb5 15. Nf4 Rb8 {~ /\ Bd8-b6}) 14. f3
Bd8 15. dxc6 Bxc6 16. Nf4 Bb6+ 17. Kh1 Nh5 18. Ncd5 {1/2-1/2 Meyer,A-Seul,G/
Germany 1998/ EXT 99 (38)}) (12... a5 13. dxc6 bxc6 14. c5 Neg4 $5 15. cxd6
Bxd6 {~}) 13. Qd2 cxd5 14. Nxd5 Nxd5 15. Qxd5 Bc6 16. Qd2 Ng6 17. Rad1 Qe8 18.
f3 exf3 19. Bxf3 Rd8 20. Bd5 {+= Nikolic,P-Hansen,C/Wijk aan Zee 1994/Inf 59 
(20)}) 10. d5 $1 {In einigen Varianten spielt Weiss spielt diesen
Bauernvorstoss im Zentrum von selbst, jetzt - mit Tempo - ist das ist noch
st�rker.} Bf7 11. Ng5 {+= Der Springer kommt zur�ck - und Weiss bekommt
das L�uferpaar.} Nbd7 12. Nxf7 (12. b3 Nxd5 $5 (12... Ne5 13. Nxf7 {+=}) 13.
cxd5 (13. Nxf7 Nxc3 14. Nxd8 Nxd1 15. Nxb7 Nc3 {~}) 13... Bxg5 14. Bxg5 Qxg5
15. dxc6 bxc6 16. Qxd6) 12... Rxf7 13. b3 {Weiss hat das L�uferpaar und der
e6-Punkt ist eine ewige positionelle Schw�chung in der schwarzen Stellung.}
Ng4 14. h3 $5 {Weiss entwickelt den c1B noch nicht, sondern er m�echte erst
die Situation am K�nigsfl�gel kl�ren.} (14. Bb2 {+=}) 14... Nge5 15. f4
$1 exf3 (15... Ng6 16. Bb2 {+= Im folgenden - nach Vorbereitung - kann Weiss
auf den Durchbruch g3-g4 spielen.}) 16. exf3 Bf6 17. Bd2 (17. Bb2 Qb6+ 18. Rf2
(18. Kh2 $2 Nxc4) 18... f4 $132) 17... c5 (17... Nd3 18. f4 {+=}) 18. Qc2 Ng6
$8 (18... g6 $4 19. f4 {+-}) 19. f4 {Endlich ist die Diagonale f�r den g2B
ge�ffnet und die schwarzen Springer stehen ungl�cklich.} Ndf8 (19... Bd4+
20. Kh2 {+= Weiss kann dann Rae1 und Ne2 spielen und den aktiven d4B verjagen.}
) 20. Rae1 Qd7 21. h4 $36 Re7 22. Bh3 {Der Vorteil des L�uferpaars zeigt
sich fr�her oder sp�ter.} Bd4+ 23. Kg2 Rxe1 {Schwarz muss die Linie-e von
selbst aufgeben, sonst kann er den f5P nicht verteidigen.} 24. Rxe1 Ne7 25. h5
a6 26. a4 Re8 27. a5 {Im Endspiel ist es gew�hnlich vorteilhaft f�r Weiss,
dass die schwarzen Bauern auf b7 und a6 festgelegt sind.} g6 {#} 28. Ne4 {
Der Springer zielt nach e6.} Qd8 29. Ng5 Nc8 (29... b6 30. axb6 Qxb6 31. Ne6 $5
(31. hxg6 hxg6 32. Ne6 Nxe6 33. Rxe6 {+=}) 31... Nxe6 32. Rxe6 {+=}) 30. g4 $1
{Weiss �ffnet die Stellung, was wegen des L�uferpaars eine logische
Entscheidung ist.} Rxe1 31. Bxe1 Qe8 32. Bf2 $5 (32. Bg3 Qe3 33. Nf3 fxg4 34.
Bxg4 Ne7 $132) 32... Bxf2 33. Kxf2 (33. Qxf2 fxg4 34. Bxg4 gxh5 {~}) 33... h6 (
33... gxh5 34. Qxf5 $40) 34. Ne6 Nxe6 (34... fxg4 35. Bxg4 gxh5 36. Qc3 {+=})
35. dxe6 Qxe6 $2 (35... fxg4 36. Bxg4 gxh5 37. Bf3 {+=}) 36. gxf5 {+/-} Qf6 (
36... gxf5 37. Bxf5 Qe8 38. Bxc8 Qxc8 39. Qg6+ {+-}) 37. hxg6 {Schwarz hat
einen Bauern weniger und obwohl die Dame auf f6 gut blockiert, hat er gro�e
Schwerigkeiten.} Ne7 (37... Qh4+ 38. Kg2) 38. Qe4 Kg7 39. Qxb7 Qd4+ (39... Qb2+
40. Kg3 {+/-}) 40. Kg3 Qe3+ 41. Qf3 Qe1+ 42. Kg2 (42. Qf2 Qc3+) 42... Qd2+ (
42... Qxa5 43. Qe2 Ng8 44. f6+ $1 Nxf6 (44... Kxf6 45. Qe6+ {+- Der schwarze
K�nig befindet sich in Mattnetz.}) 45. Qe7+ Kxg6 46. f5+ Kg5 47. Qe3+ Kh5 48.
Qf3+ {+-}) 43. Qf2 Qxf2+ (43... Qc3 $5 {Nach meiner Meinung hat Schwarz mit
Damen auf dem Brett mehr Rettungchancen.}) 44. Kxf2 Nc6 45. Kf3 Nxa5 46. Kg4
Nc6 (46... Nxb3 47. Kh5 Nd4 48. f6+ Kxf6 49. Kxh6 Nc6 $8 50. g7 Ne7 51. Kh7 a5
52. Bd7 Kf7 53. Bc6 {+-}) 47. Bg2 Ne7 48. Bd5 a5 (48... Nxd5 49. cxd5 a5 50.
Kh5 c4 51. bxc4 a4 52. f6+ Kxf6 53. Kxh6 {+-}) 49. Be6 {Weiss hat einen Bauern
mehr, aber er muss genau spielen - Schwarz m�chte eine Blockadestellung
erreichen.} Kf6 50. Kh4 Kg7 51. Kh5 Nc6 52. Bf7 Ne7 53. f6+ $1 {Durch dieses
Bauernopfer kann Weiss mit dem K�nig eindringen und der g-Bauer entscheidet
die Partie.} Kxf6 54. Kxh6 {+-} Nf5+ 55. Kh7 Ng7 56. Bd5 {Weiss hat nicht nur
einen Bauern mehr, sondern sein L�ufer hat auch viel Freiheit, w�hrend der
schwarze Springer den Punkt g7 bewachen muss.} Nh5 (56... Nf5 57. Bf3 Ng7 58.
Bg4 {+- In der Partie wir bekommen dieselbe Stellung.}) 57. Bf3 Ng7 (57... Nxf4
58. g7 {+-}) 58. Bg4 Ne8 59. Bd7 {Schwarz muss aufgeben - er ger�t in
Zugzwang.} (59. Bd7 Ng7 60. Kh6 $22 {+-}) 1-0

[Event "Hannover"]
[Site "Hannover"]
[Date "1991.??.??"]
[Round "1"]
[White "Lobron, Eric"]
[Black "Wahls, Matthias"]
[Result "1/2-1/2"]
[WhiteElo "2545"]
[BlackElo "2560"]
[Annotator "Ribli,Z"]
[PlyCount "36"]
[EventDate "1991.03.??"]
[EventType "tourn"]
[EventRounds "7"]
[EventCountry "GER"]
[EventCategory "9"]
[SourceTitle "CBM 022"]
[Source "ChessBase"]
[SourceDate "1991.06.01"]
[SourceVersion "1"]
[SourceVersionDate "1991.06.01"]
[SourceQuality "1"]

1. g3 g6 2. Bg2 Bg7 3. c4 e5 4. Nc3 d6 5. e4 c5 6. a3 Nc6 7. Rb1 a5 8. d3 Nge7
9. Nge2 O-O 10. O-O Rb8 {-> A 36} 11. Bd2 Be6 12. Qa4 b6 13. f4 exf4 14. gxf4
Bd7 15. Qd1 Bg4 $1 16. Qe1 Qd7 17. Qg3 f5 18. Rbe1 Bxe2 1/2-1/2